Countries by a Single Clue #19 - Statistics

General Stats
  • This quiz has been taken 1,796 times
  • The average score is 17 of 20
Answer Stats
Clue Country % Correct
The first British settlers arrived in 1788, among them 754 convicts Australia
97%
Has hosted the Olympic games more than anyone except the U.S. France
95%
Has the highest number of Shia Muslims Iran
94%
In the 1960s, Singapore was part of this country Malaysia
94%
Its soldiers once wore spiked helmets called Pickelhaube Germany
92%
More than 50% of its territory is claimed by Venezuela Guyana
92%
Has a tricolor flag of orange, white, and green Ireland / Ivory Coast
92%
In its native language, its capital city is named Krung Thep Maha Nakhon Thailand
89%
Home to the city of Plzeň, where Pilsner beer originated Czech Republic
88%
Home to Serengeti National Park Tanzania
85%
Dictator Nicolae Ceaușescu was executed by firing squad on Christmas Day, 1989 Romania
83%
Known in its own language as Hrvatska Croatia
82%
Benghazi is its second largest city Libya
80%
Formerly known as the Gold Coast Ghana
73%
Where the Etruscans once lived Italy
72%
With Brunei, one of two countries that are ruled by a Sultan Oman
72%
Only 5% of this country’s land is south of the 49th parallel, but 70% of its population is Canada
71%
By far the coldest country in Africa Lesotho
70%
Led by Grand Duke Guillaume V Luxembourg
70%
Home to Garni Temple, the only standing Greco-Roman temple in the former Soviet Union Armenia
69%
No matching quizzes found
Score Distribution
Percent of People with Each Score
Percentile by Number Answered
Your Score History
You have not taken this quiz